Statistics for PokéPark Wii: Pikachu's Adventure: Haunted Zone Pokémon

Click here to take the quiz!

General Stats

  • This quiz has been taken 54 times
  • The average score is 21 of 31

Answer Stats

HintAnswer% Correct
P-148Dusknoir
97%
P-147Duskull
97%
P-145Haunter
94%
P-144Gastly
91%
P-146Gengar
91%
P-134Mismagius
85%
P-190Rotom
82%
P-133Misdreavus
76%
P-127Tangrowth
76%
P-189Darkrai
74%
P-124Drifloon
74%
P-121Murkrow
71%
P-132Pichu
71%
P-129Sableye
71%
P-142Umbreon
71%
P-122Honchkrow
68%
P-143Espeon
65%
P-140Voltorb
62%
P-125Kakuna
59%
P-126Metapod
59%
P-141Electrode
56%
P-137Luxray
56%
P-135Elekid
53%
P-130Spinarak
53%
P-128Riolu
50%
P-123Gliscor
47%
P-139Skuntank
47%
P-138Stunky
47%
P-131Breloom
41%
P-188Celebi
35%
P-136Electabuzz
35%

Score Distribution

Percentile by Number Answered

Percent of People with Each Score

Your Score History

You have not taken this quiz